00585nam a2200169 450000500170000001000190001702000260003603500180006203700130008008200080009324501190010126000510022027000850027130000210035670000120037770000260038920230512104507.0 aENG-136885-934 a9789395548595c200.00 aEN-120417-466 bDBAD/PUB a000 aNext IAS Current Affairs:bEarthquake In Turkey-SyriacChief Edited By B.Singh And Edited By Aniruddh Pratap Singh aNew DelhibMade Easy Publications cMarch 2023 a44-A/4, Kalu SaraibNew Delhie110016mInfomep@madeeasy.ink45124660, 8860378007 a116p.c27cm(pbk) aB.Singh aAniruddh Pratap Singh